|
|
|
|
| LEADER |
00000nam0a2200000 4500 |
| 001 |
265242 |
| 005 |
20231101233913.0 |
| 035 |
|
|
|a (RuTPU)RU\TPU\book\288243
|
| 090 |
|
|
|a 265242
|
| 100 |
|
|
|a 20140625d1986 km y0rusy50 ca
|
| 101 |
0 |
|
|a rus
|
| 102 |
|
|
|a RU
|
| 105 |
|
|
|a a z 000zy
|
| 200 |
1 |
|
|a Что могут роботы
|f А. П. Меркулов
|
| 210 |
|
|
|a Москва
|c Машиностроение
|d 1986
|
| 215 |
|
|
|a 192 с.
|c ил.
|
| 225 |
1 |
|
|a Научно-популярная библиотека школьника
|
| 606 |
|
|
|a Роботы
|x Механика
|2 stltpush
|3 (RuTPU)RU\TPU\subj\25285
|9 49484
|
| 610 |
1 |
|
|a роботостроение
|
| 610 |
1 |
|
|a робототехника
|
| 610 |
1 |
|
|a робототехнические устройства
|
| 610 |
1 |
|
|a конструкции
|
| 610 |
1 |
|
|a применение
|
| 610 |
1 |
|
|a автоматизированные комплексы
|
| 610 |
1 |
|
|a гибкие автоматизированные производства
|
| 610 |
1 |
|
|a гибкие автоматизированные системы
|
| 675 |
|
|
|a 621.865.8
|v 3
|
| 700 |
|
1 |
|a Меркулов
|b А. П.
|g Александр Петрович
|
| 801 |
|
1 |
|a RU
|b 63413507
|c 20140625
|
| 801 |
|
2 |
|a RU
|b 63413507
|c 20200123
|g RCR
|
| 942 |
|
|
|c BK
|